Illustrated now i know : why?

Bibliographic Details
Format: Book
Published: Batu caves : Crescent news , 2006
Series:Coloured reference encyclopedia
Subjects:

MARC

LEADER 00000cam a2200000 7i4500
001 0000004587
005 20151222.0
008 070730
020 |a 9830615790 
090 0 0 |a ENC   |b ENG (4270) 
245 0 0 |a Illustrated now i know :   |b why? 
260 |a Batu caves :   |b Crescent news ,   |c 2006 
440 0 |a Coloured reference encyclopedia 
500 |a Children ages 7-9 years old (orange) 
650 0 |a Encyclopedia 
650 0 |a Junior fiction   |x English   |x Languages 
999 |a 0000970868   |b Book   |c REFERENCE   |e Cawangan Pontian 
999 |a 0000970869   |b Book   |c Children Collection   |e Cawangan AEON Kulaijaya